Normal view
MARC view
- Professions.
Entry Topical Term
001 - CONTROL NUMBER
- control field: 49447
003 - CONTROL NUMBER IDENTIFIER
- control field: OSt
005 - DATE AND TIME OF LATEST TRANSACTION
- control field: 20231003143859.0
008 - FIXED-LENGTH DATA ELEMENTS
- fixed length control field: 231003|| aca||aabn | a|a d
040 ## - CATALOGING SOURCE
- Original cataloging agency: OSt
- Transcribing agency: OSt
150 ## - HEADING--TOPICAL TERM
- Topical term or geographic name entry element: Professions.
670 ## - SOURCE DATA FOUND
- Source citation: Work cat.: (OSt): Hite, Linda M. author. 49446, Careers after COVID-19 : , August 2020.
